Strategic Management: Theory and Cases: An Integrated Approach (Record no. 42978)
[ view plain ]
| 000 -LEADER | |
|---|---|
| fixed length control field | 00358nam a2200121Ia 4500 |
| 008 - FIXED-LENGTH DATA ELEMENTS--GENERAL INFORMATION | |
| fixed length control field | 241028s9999 xx 000 0 und d |
| 041 ## - LANGUAGE CODE | |
| Language code of text/sound track or separate title | eng |
| 082 ## - DEWEY DECIMAL CLASSIFICATION NUMBER | |
| Classification number | 658.4012 HIL |
| 100 ## - MAIN ENTRY--PERSONAL NAME | |
| Personal name | Hill/ Schilling/ Jones |
| 245 ## - TITLE STATEMENT | |
| Title | Strategic Management: Theory and Cases: An Integrated Approach |
| 260 ## - PUBLICATION, DISTRIBUTION, ETC. | |
| Name of publisher, distributor, etc. | Cengage Learning India |
| Place of publication, distribution, etc. | Dehli |
| Date of publication, distribution, etc. | 2020 |
| 300 ## - PHYSICAL DESCRIPTION | |
| Extent | 429;. P. 25 cm |
| Withdrawn status | Lost status | Damaged status | Not for loan | Home library | Current library | Shelving location | Date acquired | Cost, normal purchase price | Full call number | Barcode | Date last seen | Cost, replacement price | Price effective from | Koha item type |
|---|---|---|---|---|---|---|---|---|---|---|---|---|---|---|
| IMTN | IMTN | Rack 28-B | 07/03/2024 | 552.50 | 658.4012 HIL | 33407 | 10/28/2024 | 850.00 | 10/28/2024 | Books |